000 00417nam a2200169Ia 4500
001 5412
003 IN-NITTTR
005 20251114233009.0
008 251113s9999||||xx |||||||||||||| ||eng||
040 _beng
040 _cIN-NITTTR
041 _aeng
082 _a373 M189P
245 0 _aPerspectives on secondary mathematics education /
_cMcIntosh, Jerry A., ed.
700 _aMcIntosh, Jerry A.
942 _2ddc
_cBK
999 _c8048
_d8048